|
|
|
|
| LEADER |
00000cam a2200000 a 4500 |
| 001 |
5635 |
| 005 |
20230308174220.0 |
| 008 |
994060|1967 ||||||||r|||||||||||spa|| |
| 040 |
|
|
|b spa
|
| 041 |
0 |
|
|a Inglés
|
| 082 |
0 |
|
|a 700.47
|
| 100 |
1 |
|
|a Kornilovich, Kira
|9 74707
|
| 245 |
|
|
|a Arts of Russia
|b from the origins to the end of the 16th Century
|c Kira Kornilovich
|h imp
|
| 264 |
|
|
|a New York
|b The World Publishing
|c 1967
|
| 300 |
|
|
|a 185 páginas:
|b ilu
|c 33x25.5 cm
|
| 504 |
|
|
|a incl. ref.
|
| 520 |
3 |
|
|a Contiene: arte rusa con 57 ilustraciones a color, 51 ilustraciones en blanco y negro.
|
| 650 |
|
|
|a Russia arts
|9 74708
|
| 650 |
|
|
|a Arte rusa
|9 74709
|
| 852 |
|
|
|a UC-YANUNCAY
|c ESTANTERIA ABIERTA
|f Compra
|k jhoanna.mogollon
|l 1
|m General
|p 19940609
|q 5.00
|r 2
|t 5635
|v art
|w ARTES VISUALES
|y 0142136
|b 0
|d CDRY
|e CDRY
|g 700.47 ESTANTERIA ABIERTA
|z 1994-40-60
|
| 856 |
|
|
|a http://sibuc.ucuenca.edu.ec/portada/a541.jpg
|
| 942 |
|
|
|c BK
|
| 999 |
|
|
|c 45714
|d 45714
|